Vitaminas Hidrossolúveis - Statistics

Estatísticas Gerais
  • Esse quiz foi jogado 83 vezes
  • A pontuação média é 5 de 8
Estatísticas das Respostas
Vitamina Nome Função % Correto
B1 Tiamina Metabolismo dos hidratos de carbono e impulso nervoso
90%
B12 Cobalamina Glucogénese e síntese de aminoácidos e metionina
71%
B9 Ácido Fólico Hematopoiese
65%
B7 Biotina Coenzima de carboxilases
61%
B2 Riboflavina Percursora do FAD e FMN. Respiração celular
61%
B3 Niacina Oxidação-redução
58%
B6 Piridoxina Hematopoiese
52%
B5 Ácido pantoténico Grupo prostético da AcetylCo-A
45%
Nenhum quiz correspondente encontrado
Distribuição das Pontuações
Porcentagem de Pessoas com Cada Pontuação
Percentil de Números Respondidos
Sua Pontuação Histórica
Você não jogou esse quiz